Geographical Features from 'D' - Statistics

General Stats
  • This quiz has been taken 66 times
  • The average score is 6 of 16
Answer Stats
Picture Hint Answer % Correct
Sea Dead
87%
Country Dominica
78%
German City Dresden
75%
Australian City Darwin
70%
Croatian City Dubrovnik
68%
Mountain Denali
63%
Strait Dardanelles
50%
River Dnieper
42%
National Capital Dushanbe
37%
French City Dunkirk
28%
Rainforest Daintree
12%
Valley Douro
10%
Island Delos
5%
Depression Danakil
3%
Waterfall Dettifoss
0%
Sound/Fjord Doubtful
0%
No matching quizzes found
Score Distribution
Percent of People with Each Score
Percentile by Number Answered
Your Score History
You have not taken this quiz